000 00515nam a2200193Ia 4500
005 20250423100635.0
008 250422s9999 xx 000 0 und d
020 _a0766828433
050 _aRA 445 .P75/
100 _aScutchfield, Douglas F.
245 0 _aPrinciples of public health practice
250 _a2nd ed.
260 _aClifton Park
260 _bThomson/Delmar Learning
260 _cc2003
300 _a556 p
650 _aPUBLIC HEALTH PUBLIC HEALTH ADMINISTRATION_UNITED STATES
942 _cBK
999 _c33914
_d33914